Nebezpečné hry Séria provokačných vojenských manévrov NATO

Bibliographic Details
Main Author: -nk- (Author)
Format: Article
Language:Slovak
Subjects:

MARC

LEADER 00000nab a2200000 a 4500
001 vtls000095707
003 SK-MaSNL
005 20260303021718.0
008 111104c1981 xo 0 slo
015 |a SNBRB19rr/mm-uuuuu 
035 |a CL0105810 
040 |a SNKBUCL  |b slo  |c SNKBUCL  |e AACR2 
041 0 |a slo 
044 |a xo  |c SK 
080 |a 327.51(4-15+7)  |2 1981 
080 |a 7)  |2 1981 
100 1 |a -nk-  |4 aut  |9 924752 
245 1 0 |a Nebezpečné hry  |b Séria provokačných vojenských manévrov NATO  |c -nk- 
650 0 7 |a NATO  |2 snkbucl  |9 145807 
655 7 |a články z novín a časopisov  |2 snkbucl  |9 267496 
773 0 |t Práca  |g Roč. 36, č. 193 (17. 8. 1981), s. 3 
850 |a Slovenská národná knižnica v Martine  |a MTA001 
852 |a SNK  |b KIS3GCP 
958 |a RK 
992 |a RBX 
999 |c 1624820  |d 1626750